Wszystkie gminy w Polsce na literę R - Statystyki

Ogólne statystyki
  • Ten quiz został rozwiązany 23 razy
  • Średni wynik to 35 z 113
Statystyki odpowiedzi
Województwo Gmina % Poprawnych
podkarpackie Rzeszów
100%
łódzkie Rawa Mazowiecka
88%
mazowieckie Radom
81%
łódzkie Radomsko
81%
wielkopolskie Rawicz
81%
śląskie Rybnik
81%
małopolskie Ropczyce
75%
zachodniopomorskie Rymań
69%
śląskie Racibórz
63%
lubelskie Ryki
63%
małopolskie Rabka-Zdrój
56%
mazowieckie Radzymin
56%
świętokrzyskie Raków
56%
warmińsko-mazurskie Ryn
56%
kujawsko-pomorskie Rypin
56%
śląskie Radlin
50%
małopolskie | opolskie Radłów
50%
lubelskie Radzyń Podlaski
50%
zachodniopomorskie Rewal
50%
podkarpackie Rymanów
50%
lubuskie Rzepin
50%
świętokrzyskie Radoszyce
44%
śląskie Radzionków
44%
zachodniopomorskie Recz
44%
lubelskie Rejowiec
44%
lubelskie Rejowiec Fabryczny
44%
wielkopolskie Rogoźno
44%
kujawsko-pomorskie Rogóźno
44%
lubelskie | śląskie Rudnik
44%
śląskie Rydułtowy
44%
kujawsko-pomorskie Radziejów
38%
podlaskie Rajgród
38%
wielkopolskie Raszków
38%
mazowieckie Raszyn
38%
zachodniopomorskie Resko
38%
podkarpackie | wielkopolskie Rokietnica
38%
dolnośląskie Rudna
38%
zachodniopomorskie Rąbino
31%
mazowieckie Raciąż
31%
podlaskie Raczki
31%
dolnośląskie | świętokrzyskie Radków
31%
kujawsko-pomorskie Radzyń Chełmiński
31%
mazowieckie Różan
31%
opolskie Rudniki
31%
podkarpackie Rudnik nad Sanem
31%
podlaskie Rutki
31%
mazowieckie | warmińsko-mazurskie Rybno
31%
wielkopolskie Rychwał
31%
łódzkie Rzgów
31%
małopolskie Racławice
25%
podkarpackie Radomyśl Wielki
25%
mazowieckie Radzanów
25%
mazowieckie Radziejowice
25%
wielkopolskie Rakoniewice
25%
podkarpackie Raniżów
25%
warmińsko-mazurskie Reszel
25%
kujawsko-pomorskie Rojewo
25%
lubelskie Rokitno
25%
małopolskie Ropa
25%
podlaskie Rudka
25%
śląskie Rudziniec
25%
mazowieckie Rusinów
25%
podlaskie Rutka-Tartak
25%
małopolskie Ryglice
25%
warmińsko-mazurskie Ryńsk
25%
łódzkie Rząśnik
25%
kujawsko-pomorskie Raciążek
19%
zachodniopomorskie Radowo Małe
19%
mazowieckie Radzanowo
19%
podkarpackie Rakszawa
19%
wielkopolskie Rozdrażew
19%
warmińsko-mazurskie Rozogi
19%
podkarpackie Roźwienica
19%
świętokrzyskie Ruda Maleniecka
19%
łódzkie Rusiec
19%
pomorskie Ryjewo
19%
świętokrzyskie Rytwiany
19%
łódzkie Rzeczyca
19%
małopolskie Raba Wyżna
13%
lubelskie Rachanie
13%
lubelskie Radecznica
13%
podkarpackie Radomyśl nad Sanem
13%
dolnośląskie Radwanice
13%
podlaskie Radziłów
13%
łódzkie Rozprza
13%
lubelskie Ruda-Huta
13%
lubelskie Rybczewice
13%
warmińsko-mazurskie Rychliki
13%
wielkopolskie Rychtal
13%
wielkopolskie Ryczywół
13%
wielkopolskie Rydzyna
13%
mazowieckie Rząśnia
13%
pomorskie Rzeczenica
13%
małopolskie Raciechowice
6%
małopolskie Radziemice
6%
mazowieckie Regimin
6%
łódzkie Regnów
6%
mazowieckie Repki
6%
łódzkie Rokiciny
6%
mazowieckie Rzeczniów
6%
mazowieckie Rzekuń
6%
mazowieckie Rzewnie
6%
małopolskie Rzezawa
6%
śląskie Radziechowy Wieprz
0%
łódzkie Ręczno
0%
dolnośląskie Ruja
0%
Nie znaleziono quizów pasujących do podanych kryteriów
Rozkład punktacji
Procent ludzi z każdym wynikiem
Percentyl według liczby udzielonych odpowiedzi
Twoja historia wyników
Nie rozwiązałeś tego quizu